Представление документа в формате MARC21

Поле Инд. ПП Название Значение
Тип записи a
Библиографический уровень b
001 Контрольный номер RU/IS/BASE/257259612
005 Дата корректировки 20200630193139.7
008 Кодируемые данные 20080225
040 b Код языка каталог. rus
e Правила каталог. PSBO
041 0_ a Код языка текста rus
084 a Индекс другой классификации/Индекс ББК 83.3(4Гре)6-4; 83.014.6
100 1_ a Автор Тресорукова И. В.
245 10 a Заглавие Способы выражения комического в языке современного греческого театра теней
504 a Библиография Библиогр. - Примеч.: с. 69 - 70
600 14 a Персоналии Аристофан
650 04 a Основная рубрика история литературы
a Основная рубрика литературоведение
a Основная рубрика теория литературы
a Основная рубрика филологические науки
653 1_ a Ключевые слова XX век
a Ключевые слова Греция
a Ключевые слова драматургия
a Ключевые слова Древняя Греция
a Ключевые слова история театра
a Ключевые слова комедия
a Ключевые слова комический текст
a Ключевые слова комическое
a Ключевые слова пьесы
a Ключевые слова стилистика текста
a Ключевые слова театр
a Ключевые слова театр теней
a Ключевые слова шутки
773 0_ t Заглавие источника Вестник Московского университета. Серия 9, Филология
d Дата издания источника 2007
g Прочая информация № 2. - С. 62 - 70
w Контрольный № источника RU/IS/BASE/236181942
901 t Тип документа b